Additive representations of integers in number theory

Αποθηκεύτηκε σε:
Λεπτομέρειες βιβλιογραφικής εγγραφής
Κύριος συγγραφέας: Kraeft, Uwe
Μορφή: Βιβλίο
Γλώσσα:English
Δημοσίευση: Aachen : Shaker, 2010
Σειρά:Berichte aus der Mathematik
Θέματα:
Ετικέτες: Προσθήκη ετικέτας
Δεν υπάρχουν, Καταχωρήστε ετικέτα πρώτοι!

MARC

LEADER 00000cam a2200000 i 4500
001 1/17691
008 120209s2010 eng d
020 |a 978-3-8322-87931 
035 |l 10111807 
040 |a GR-MY-UA  |b gre  |e aacr 
041 0 |a eng 
082 0 |a 512.7  |2 (22) 
100 1 |a Kraeft, Uwe. 
245 1 0 |a Additive representations of integers in number theory /  |c Uwe Kraeft 
260 |a Aachen :   |b Shaker,   |c 2010 
300 |a vii, 74 σ.;  |c 21 εκ. 
490 1 |a Berichte aus der Mathematik 
650 0 0 |a Number theory. 
830 0 |a Berichte aus der Mathematik 
852 |a INST  |b SAMOS  |e 20120209  |h 512.7 KRA  |p 005300034032  |q 005300034032  |t BK  |y 0 
901 |a BIBL3-2012-1 
970 |a ΓΟΥΒΑΛΑ  |b ΒΑΣΩ  |z 2012/02/09